000
00519nam a2200181Ia 4500
008
090123s9999 xx 000 0 und d
082
_b
24526
100
_a
बनहट्टी राजेंद्र
245
_a
नवलाई
250
_a
1
260
_b
सन प्रकाशन
300
_a
104
600
_a
बनहट्टी राजेंद्र
630
_a
नवलाई
700
_a
बनहट्टी राजेंद्र
730
_a
नवलाई
942
_c
BOOK
999
_c
62597
_d
62597